| Tag |
First Indicator |
Second Indicator |
Subfields |
| LEADER |
00000cam a2200000 a 4500 |
| 001 |
in00000082202 |
| 005 |
20151008061057.0 |
| 008 |
810429s1980 txuaf b 00110aengmd |
| 010 |
|
|
|a 80065455
|
| 020 |
|
|
|a 0932702074
|
| 035 |
|
|
|a (OCoLC)07374403
|
| 035 |
|
|
|9 AAJ7251AM
|
| 040 |
|
|
|a NOS
|c NOS
|d OCL
|d TXA
|d UtOrBLW
|
| 043 |
|
|
|a nr-----
|
| 049 |
|
|
|a TXAM
|c [1655526]
|
| 090 |
|
|
|a F596
|b .A53
|
| 100 |
1 |
|
|a Anderson, Joseph Foster,
|d 1853-1946.
|
| 245 |
1 |
0 |
|a I buried Hickok :
|b the memoirs of White Eye Anderson /
|c edited by William B. Secrest ; illustrated by James H. Earle.
|
| 250 |
|
|
|a 1st ed.
|
| 264 |
|
1 |
|a College Station, Tex. :
|b Creative Pub. Co.,
|c [1980]
|
| 264 |
|
4 |
|c ©1980
|
| 300 |
|
|
|a 251 pages, 1 unnumbered page of plates :
|b illustrations ;
|c 24 cm.
|
| 336 |
|
|
|a text
|b txt
|2 rdacontent
|
| 337 |
|
|
|a unmediated
|b n
|2 rdamedia
|
| 338 |
|
|
|a volume
|b nc
|2 rdacarrier
|
| 490 |
1 |
|
|a The Early West series
|
| 500 |
|
|
|a Includes index.
|
| 504 |
|
|
|a Bibliography: pages 228-235.
|
| 600 |
1 |
0 |
|a Anderson, Joseph Foster,
|d 1853-1946.
|
| 600 |
1 |
0 |
|a Hickok, Wild Bill,
|d 1837-1876.
|
| 650 |
|
0 |
|a Frontier and pioneer life
|z West (U.S.)
|
| 650 |
|
0 |
|a Pioneers
|z West (U.S.)
|v Biography.
|
| 651 |
|
0 |
|a West (U.S.)
|x History
|y 1848-1860.
|
| 651 |
|
0 |
|a West (U.S.)
|v Biography.
|
| 700 |
1 |
|
|a Secrest, William B.,
|d 1930-
|
| 830 |
|
0 |
|a Early West.
|
| 999 |
|
|
|a MARS
|
| 999 |
f |
f |
|s 6002aa4b-b027-3a87-a068-5193bfe00592
|i 7be7ea04-108a-33a4-9270-3d38c4fa5f14
|t 0
|
| 952 |
f |
f |
|p ric
|a Texas A&M University
|b Rellis Campus
|c Joint Library Facility
|d Remote Storage
|t 0
|e F596 .A53
|h Library of Congress classification
|i unmediated -- volume
|m A14806110101
|
| 998 |
f |
f |
|a F596 .A53
|t 0
|l Remote Storage
|